000 00792nam a2200265Ia 4500
003 OSt
005 20220928124320.0
006 a|||||r|||| 00| 0
007 ta
008 220927b |||||||| |||| 00| 0 eng d
020 _c2333.9448000000002
024 _a119208
037 _b729, 23/08/2013, The Book Seller
_cTextual
040 _aSDCL
_cSDCL
_beng
041 _2eng
_aeng
082 _aS:523, Q2
100 _aSwinson Jeremy
_9464336
245 0 _aPositive psychology for teachers
_b A practical guide
260 _aLondon
_bRoutledge
_c2012
300 _axv;162p
_ccm.
650 _aPsychology
700 _a Harrop Alex
_9464337
942 _hS:523, Q2
_cTEXL
_2CC
999 _c777248
_d777248